000 00703nam a2200205Ia 4500
005 20250507130148.0
008 008 250505s9999 xx 000 0 eng d
037 _aDIS
040 _aEASL
_beng
_cEASL
041 _aeng
_2eng
084 _a0000143
_qEASL
100 _aThakur Gajender
_9667254
245 0 _aKalyankari rajya vyavastha ke vikas ki disha mein Japan ka yogdan: Vradh-verg sambandhit samajik sujchha nitiyon ke sandarbh mein (1950-2008) Sh. Rajiv Ranjan
260 _aIndia
_bUnivesity of Delhi. Social Sciences. East Asian Studies (Delhi India)
_c2010
300 _aii,213p.
546 _aOne CD
650 _aHL
942 _cDIS
_h0000143
999 _c1318031
_d1318031